Hendrick motorsports drivers - Statistics

General Stats
  • This quiz has been taken 20 times
  • The average score is 101 of 134
Answer Stats
Hint Answer % Correct
2023 48 Alex bowman
92%
2022 48 Alex bowman
92%
2021 48 Alex bowman
92%
2020 88 Alex bowman
92%
2019 88 Alex bowman
92%
2018 88 alex bowman
92%
2023 9 chase elliott
92%
2022 9 Chase elliott
92%
2021 9 chase elliott
92%
2020 9 chase elliott
92%
2019 9 Chase elliott
92%
2018 9 Chase elliott
92%
2017 24 Chase elliott
92%
2016 24 chase elliott
92%
2017 88 dale Earnhardt jr.
92%
2016 88 dale earnhardt jr
92%
2015 88 dale earnhardt jr.
92%
2014 88 dale earnhardt jr.
92%
2013 88 dale earnhardt jr.
92%
2012 88 dale earnhardt jr.
92%
2011 88 dale earnhardt jr.
92%
2010 88 dale earnhardt jr.
92%
2009 88 dale earnhardt jr.
92%
2008 88 dale earnhardt jr.
92%
2015 24 Jeff gordon
92%
2014 24 Jeff gordon
92%
2013 24 Jeff gordon
92%
2012 24 Jeff gordon
92%
2011 24 Jeff Gordon
92%
2010 24 Jeff gordon
92%
2009 24 Jeff gordon
92%
2008 24 Jeff gordon
92%
2007 24 Jeff gordon
92%
2006 24 Jeff gordon
92%
2005 24 Jeff gordon
92%
2004 24 Jeff gordon
92%
2003 24 Jeff gordon
92%
2002 24 Jeff gordon
92%
2001 24 Jeff Gordon
92%
2000 24 Jeff gordon
92%
1999 24 Jeff gordon
92%
1998 24 Jeff gordon
92%
1997 24 Jeff gordon
92%
1996 24 Jeff gordon
92%
1995 24 Jeff gordon
92%
1994 24 Jeff gordon
92%
1993 24 Jeff gordon
92%
2020 48 Jimmie johnson
92%
2019 48 Jimmie Johnson
92%
2018 48 Jimmie johnson
92%
2017 48 Jimmie johnson
92%
2016 48 Jimmie johnson
92%
2015 48 Jimmie johnson
92%
2014 48 Jimmie johnson
92%
2013 48 Jimmie johnson
92%
2012 48 Jimmie Johnson
92%
2011 48 Jimmie johnson
92%
2010 48 Jimmie johnson
92%
2009 48 Jimmie johnson
92%
2008 48 Jimmie johnson
92%
2007 48 Jimmie johnson
92%
2006 48 Jimmie johnson
92%
2005 48 Jimmie johnson
92%
2004 48 Jimmie johnson
92%
2003 48 Jimmie johnson
92%
2002 48 Jimmie Johnson
92%
2023 5 Kyle larson
92%
2022 5 Kyle larson
92%
2021 5 Kyle larson
92%
2023 24 William byron
92%
2022 24 William byron
92%
2021 24 William byron
92%
2020 24 William byron
92%
2019 24 William Byron
92%
2018 24 William byron
92%
2017 5 kasey kahne
85%
2016 5 kasey kahne
85%
2015 5 kasey kahne
85%
2014 5 Kasey kahne
85%
2013 5 Kasey kahne
85%
2012 5 kasey kahne
85%
2007 5 Kyle busch
77%
2006 5 Kyle busch
77%
2005 5 Kyle busch
77%
2011 5 Mark martin
77%
2010 5 mark martin
77%
2009 5 mark martin
77%
1990 17 Darrell waltrip
69%
1989 17 Darrell waltrip
69%
1988 17 Darrell waltrip
69%
1987 17 Darrell waltrip
69%
2004 5 Terry labonte
62%
2003 5 Terry labonte
62%
2002 5 Terry labonte
62%
2001 5 Terry labonte
62%
2000 5 Terry labonte
62%
1999 5 Terry labonte
62%
1998 5 Terry labonte
62%
1997 5 Terry labonte
62%
1996 5 Terry labonte
62%
1995 5 Terry labonte
62%
1994 5 Terry labonte
62%
2006 25 Brian vickers
54%
2005 25 Brian vickers
54%
2004 25 Brian vickers
54%
2008 5 Casey mears
54%
2007 25 casey mears
54%
1989 5 Geoff bodine
54%
1988 5 Geoff bodine
54%
1987 5 Geoff bodine
54%
1986 5 Geoff bodine
54%
1985 5 Geoff bodine
54%
1986 25 Tim richmond
54%
1996 25 ken schrader
38%
1995 25 ken schrader
38%
1994 25 ken schrader
38%
1993 25 ken schrader
38%
1992 25 ken schrader
38%
1991 25 ken schrader
38%
1990 25 ken schrader
38%
1989 25 ken schrader
38%
1988 25 ken schrader
38%
1993 5 Ricky rudd
38%
1992 5 Ricky rudd
38%
1990 5 Ricky rudd
38%
1987 35 Benny parsons
31%
2002 25 jerry nadeau
31%
2001 25 jerry nadeau
31%
2000 25 jerry nadeau
31%
2003 25 Joe nemechek
31%
2002 25 Joe nemechek
31%
1997 25 Ricky craven
31%
1999 25 Wally dallenbach jr.
8%
1991 5 Ricky rudd
0%
No matching quizzes found
Score Distribution
Percent of People with Each Score
Percentile by Number Answered
Your Score History
You have not taken this quiz